Kærlighed uben tårer /

Bibliographic Details
Main Author: Garnett, David, 1892-1981
Format: Book
Language:Danish
Published: København : Steen Hasselbalchs Forlag, 1956.
Subjects:

MARC

Tag First Indicator Second Indicator Subfields
LEADER 00000cam a22000004a 4500
001 in00002467178
005 20151110123847.0
008 090610s1956 dk 000 f dan c
035 |a (OCoLC)ocn385018021 
035 |a (OCoLC)385018021 
040 |a TXA  |c TXA  |d UtOrBLW 
041 1 |a dan  |h eng 
042 |a pcc 
049 |a TXAM 
050 0 4 |a PR6013.A66  |b A87125 1956 
100 1 |a Garnett, David,  |d 1892-1981. 
240 1 0 |a Aspects of love.  |l Danish 
245 1 0 |a Kærlighed uben tårer /  |c David Garnett ; [autoriseret oversæattelse ved Poul Henning Traustedt]. 
264 1 |a København :  |b Steen Hasselbalchs Forlag,  |c 1956. 
300 |a 137 pages ;  |c 21 cm. 
336 |a text  |b txt  |2 rdacontent 
337 |a unmediated  |b n  |2 rdamedia 
338 |a volume  |b nc  |2 rdacarrier 
536 |a One of the Cushing Library/Lit./Mitchell copies was acquired by Cushing as part of the David Garnett Family Books Collection. 
655 7 |a Love stories.  |2 gsafd 
948 |a cataloged  |b h  |c 2009/6/10  |d o  |e tchubaryan  |f 3:19:16 pm 
994 |a C0  |b TXA 
999 |a MARS 
999 f f |s b9e23936-cd2b-345e-b172-d7eb3883fb78  |i 16738a32-cec8-3752-bbc8-6059ef29d55d  |t 0 
952 f f |p noncirc  |a Texas A&M University  |b College Station  |c Cushing Memorial Library & Archives  |d Cushing: Literature/Mitchell (Does not check out)  |t 0  |e PR6013.A66 A87125 1956  |h Library of Congress classification  |i unmediated -- volume 
952 f f |p noncirc  |a Texas A&M University  |b College Station  |c Cushing Memorial Library & Archives  |d Cushing: Literature/Mitchell (Does not check out)  |t 0  |e PR6013.A66 A87125 1956  |h Library of Congress classification  |i unmediated -- volume 
998 f f |a PR6013.A66 A87125 1956  |t 0  |l Cushing: Literature/Mitchell (Does not check out) 
998 f f |a PR6013.A66 A87125 1956  |t 0  |l Cushing: Literature/Mitchell (Does not check out)